| 000 | 00807nam a2200229 i 4500 | ||
|---|---|---|---|
| 001 | 59290 | ||
| 003 | ES-MaACL | ||
| 005 | 20251209063022.0 | ||
| 007 | t| | ||
| 008 | 031028s1967 sp ||||1| spa d | ||
| 100 | 1 |
_aEinstein, Albert, _d1879-1955 _946838 |
|
| 245 | 1 | 0 |
_aEscritos sobre la paz / _cAlbert Einstein ; edición original preparada por Otto Nathar y Heinz Norden ; prólogo de Bertrand Russell ; [traducción de Jordi Solé Tura]. |
| 260 |
_a[Barcelona] : _bPenínsula, _c[1967] |
||
| 300 |
_a494 p. ; _c20 cm. |
||
| 700 | 1 |
_aNathar, Otto. _984996 |
|
| 700 | 1 |
_aNorden, Heinz. _985963 |
|
| 700 | 1 |
_aRussell, Bertrand, _d1872-1970 _9101033 |
|
| 700 | 1 |
_aSolé Tura, Jordi, _d1930-2009 _9107136 |
|
| 852 |
_aES-MaACL _jC-33529 _bR.64322 |
||
| 942 | _2udc | ||
| 999 |
_c59290 _d59290 |
||